| Tag |
First Indicator |
Second Indicator |
Subfields |
| LEADER |
00000cam a2200000 a 4500 |
| 001 |
in00002531721 |
| 005 |
20211202192445.0 |
| 006 |
m d f |
| 007 |
cr mn||||||||| |
| 008 |
091124s2004 dcu sa f000 0 eng c |
| 035 |
|
|
|a (OCoLC)ocn469059785
|
| 040 |
|
|
|a GPO
|c GPO
|d MvI
|d UtOrBLW
|
| 042 |
|
|
|a pcc
|
| 043 |
|
|
|a n-us---
|
| 049 |
|
|
|a WWW
|
| 074 |
|
|
|a 0982-H-03 (online)
|
| 086 |
0 |
|
|a TD 7.8:M 56/2
|
| 100 |
1 |
|
|a Hoover, Julie.
|
| 245 |
1 |
0 |
|a Transit at the table :
|b a guide to participation in metropolitan decision making /
|c [Julie Hoover, Bruce McDowell, Gian-Claudia Sciara].
|
| 264 |
|
1 |
|a Washington, D.C. :
|b U.S. Dept. of Transportation, Federal Transit Administration,
|c [2004]
|
| 300 |
|
|
|a 1 online resource (ix, 78 pages) :
|b illustrations
|
| 336 |
|
|
|a text
|b txt
|2 rdacontent
|
| 337 |
|
|
|a computer
|b c
|2 rdamedia
|
| 338 |
|
|
|a online resource
|b cr
|2 rdacarrier
|
| 500 |
|
|
|a Title from title screen (viewed on Nov. 16, 2009).
|
| 500 |
|
|
|a "VA-90-1004-04-1."
|
| 500 |
|
|
|a Electronic resource.
|
| 650 |
|
0 |
|a Local transit
|z United States
|x Planning.
|
| 650 |
|
0 |
|a Local transit
|z United States
|x Finance.
|
| 650 |
|
0 |
|a Urban transportation
|z United States
|x Planning.
|
| 650 |
|
0 |
|a City planning
|z United States.
|
| 776 |
1 |
|
|a Hoover, Julie.
|t Transit at the table
|h ix, 78 p.
|w (DLC) 2005364400
|w (OCoLC)57711126
|
| 700 |
1 |
|
|a McDowell, Bruce D.
|
| 700 |
1 |
|
|a Sciara, Gian-Claudia.
|
| 710 |
1 |
|
|a United States.
|b Federal Transit Administration.
|
| 710 |
2 |
|
|a Parsons Brinckerhoff.
|
| 856 |
4 |
0 |
|u https://purl.fdlp.gov/GPO/LPS116573
|t 0
|
| 999 |
|
|
|a MARS
|
| 999 |
f |
f |
|s b14da0f8-06a2-3f79-8f61-f1d1079d40c2
|i f509e157-e3a6-34e7-907b-67f788584cf9
|t 0
|
| 952 |
f |
f |
|a Texas A&M University
|b College Station
|c Electronic Resources
|d Available Online
|t 0
|e TD 7.8:M 56/2
|h Superintendent of Documents classification
|
| 998 |
f |
f |
|a TD 7.8:M 56/2
|t 0
|l Available Online
|